| 000 | 02041nam a2200289Ia 4500 | ||
|---|---|---|---|
| 003 | OSt | ||
| 005 | 20211005123326.0 | ||
| 008 | 210310s2004 ck ad gr 000 0 spa d | ||
| 020 | _a9589545041 | ||
| 040 |
_aCO-JMCR _cCO-JMCR |
||
| 041 | 0 | _aspa | |
| 082 | 0 | 4 |
_a338.47677 / _bB517c _223 |
| 100 | 1 |
_aBernal Castillo, Fernando, _eautor _928743 |
|
| 245 | 1 | 0 |
_aCuadernos PNUD-MPS investigaciones sobre desarrollo social en Colombia : _bcrisis algodonera y violencia en el departamento del Cesar / _cFernando Bernal Castillo, Fernando Herrera Araújo |
| 260 |
_aBogotá : _bMinisterio de Protección Social, _c2004. |
||
| 300 |
_a113 páginas : _bilustraciones y gráficas en blanco y negro ; _c24 cm. |
||
| 490 | 0 |
_aCuadernos PNUD ; _v2 |
|
| 500 | _aIncluye datos biográficos de los autores en solapa frontal. | ||
| 504 | _aBibliografía : página 129-133. | ||
| 505 | 0 | _aDe sociedad pastoril a capitalismo agrario. -- Reforma a la estructura de derecho de propiedad. -- Crecimiento y generación de riqueza. -- El fin del boom económico. -- Irrupción de las violencias. El paramilitarismo. | |
| 520 | 0 | _aBasados en el principio según el cual conocer el problema es un paso indispensable para encontrar las mejores soluciones, el Programa de las Naciones Unidas para el Desarrollo y el Ministerio de la Protección Social de Colombia han decidido editar esta serie de Cuadernos, como una publicación que debe aportar al conocimiento de los temas sociales con investigaciones y estudios realizados por colombianos de diversos orígenes, especialidades y regiones. De este modo, el PNUD y el MPS abren un nuevo espacio para el diálogo y el debate público sobre temas que, ya sea desde el estudio especializado o bien desde el relato vivencial, son de importancia para todos los colombianos. | |
| 650 | 1 | 4 |
_aCapitalismo agrario _940930 |
| 650 | 2 | 4 |
_aReforma _xAgraria _zColombia _940931 |
| 650 | 2 | 4 |
_aDerechos de propiedad _xAgrario _zColombia _940932 |
| 700 | 1 |
_aHerrera Araújo, Fernando, _eautor _940933 |
|
| 942 |
_2ddc _cBK |
||
| 999 |
_c12620 _d12620 |
||